000
00327 a2200169 4500
001
175232
020
_a
85-262-3010-7
040
_c
Magnum
100
_a
Leite, Sérgio
240
1
0
_a
Mecânica
_l
por
245
1
0
_a
Mecânica
300
_a
44
362
0
_a
1997
440
1
_a
Scipione
697
_a
MECÂNICA
942
_c
BK
999
_c
175232
_d
175232